000
00326nam a22001457a 4500
008
221011b ||||| |||| 00| 0 eng d
020
_a
9780321786654
041
_a
eng
080
_2
SIXTH EDITION
_a
611
082
_a
611 MAR
100
_a
11.2
101
_a
ANA
245
_a
ANATOMY&PHYSIOLOGY
_c
MARTINI
942
_2
udc
_c
BK
999
_c
58497
_d
58497